Spiderman Villains - Statistics

General Stats
  • This quiz has been taken 1,375 times
  • The average score is 16 of 20
Answer Stats
Origin/Ability Alter Ego Villain % Correct
He got is powers due to a accident and has a hoverboard he also wears a green mask Norman Osborn Green Goblin
99%
Symbiote from another planet also has spider like powers Eddie Brock Venom
99%
Scientist that got 4 strong mechanical arms on his back due to a accident Otto Octavius Doctor Octopus
98%
As a person he misses his arm due to reptile experiments he accidentally became a big reptile himself Curt Connors Lizard
95%
Engineer who got struck by lightning and became a living conductor of electricity Maxwell Dillon Electro
94%
Stranded on a nuclear testing site and wind up bonding with radioactive sand giving him the ability to control sand Flint Marko Sandman
94%
Stuntman and special effect specialist can create illusions through hypnotism and stagecraft Quentin Beck Mysterio
91%
Criminal who agreed to get merched with a big heavy armored suit for life Aleksei Sytsevich Rhino
88%
Huge man that has the control over a lot of henchmen, scientist etc Wilson Fisk Kingpin
87%
A man obsessed with flying creating a suit that allows him to Adrian Toomes Vulture
87%
Was send by JJJ how Parker got so many good photos of Spidey by promising him a armored suit with scorpion like powers Mac Gargan Scorpion
85%
Serial killer who got merched with an alien symbiote also the son of #3 Cletus Kassidy Carnage
83%
A hunter obsessed with hunting Spiderman down N/A Kraven the Hunter
83%
Not always a villain and she has cat like abilities Felicia Hardy Black Cat
82%
Has a glider and throws pumpkins shares a big resemblence to #2 Hobby Roderick Kingsley Hobgoblin
76%
Created a pair of vibrational gaunlets which he uses for robbery Herman Schultz Shocker
72%
Tried to cure his blood condition but ended up being a vampire Dr. Michael ....... Morbius
70%
First ever Spiderman villain whom can disguise himself as anyone he wants Dmitri Anatoly Smerdyakov Chameleon
69%
Got driven to madness by Gwen's death and blames Spiderman also obsessed with cloning Miles Warren Jackal
34%
Replaced his skull with metal and losing a lot of memories dressing like a TV villain Dick Tracy Hammerhead
33%
No matching quizzes found
Score Distribution
Percent of People with Each Score
Percentile by Number Answered
Your Score History
You have not taken this quiz